| 000 | 01721mam a2200313 a 4500 | ||
|---|---|---|---|
| 001 | 1973484 | ||
| 003 | OSt | ||
| 005 | 20170105113126.0 | ||
| 008 | 941213s1996 nyua b 001 0 eng | ||
| 010 | _a 94048015 | ||
| 020 | _a0070592411 | ||
| 035 | _a(OCoLC)ocm31753807 | ||
| 035 | _a(NNC)1973484 | ||
| 040 |
_aDLC _cDLC _dAKR _dC#P _dOrLoB-B |
||
| 050 | 0 | 4 |
_aTA403 _b.S596 1996 |
| 082 | 0 | 0 |
_a620.1/1 _220 |
| 100 | 1 |
_aSmith, William F. _q(William Fortune), _d1931- |
|
| 245 | 1 | 0 |
_aPrinciples of materials science and engineering / _cWilliam F. Smith. |
| 250 | _a3rd ed. | ||
| 260 |
_aNew York : _bMcGraw-Hill, _cc1996. |
||
| 300 |
_axv, 892 p. : _bill. (some col.) ; _c25 cm. |
||
| 490 | 1 | _aMcGraw-Hill series in materials science and engineering | |
| 504 | _aIncludes bibliographical references and index. | ||
| 505 | 0 | 0 |
_gCh. 1. _tIntroduction to Materials Science and Engineering -- _gCh. 2. _tAtomic Structure and Bonding -- _gCh. 3. _tCrystal Structures and Crystal Geometry -- _gCh. 4. _tSolidification, Crystalline Imperfections, and Diffusion in Solids -- _gCh. 5. _tElectrical Properties of Materials -- _gCh. 6. _tMechanical Properties of Metals -- _gCh. 7. _tPolymeric Materials -- _gCh. 8. _tPhase Diagrams -- _gCh. 9. _tEngineering Alloys -- _gCh. 10. _tCeramic Materials -- _gCh. 11. _tMagnetic Materials -- _gCh. 12. _tCorrosion -- _gCh. 13. _tComposite Materials -- _gCh. 14. _tOptical Properties and Superconducting Materials -- _gApp. I. _tSome Properties of Selected Elements -- _gApp. II. _tIonic Radii of the Elements -- _gApp. III. _tSelected Physical Quantities and Their Units. |
| 650 | 0 | _aMaterials. | |
| 830 | 0 | _aMcGraw-Hill series in materials science and engineering. | |
| 900 | _bTOC | ||
| 942 |
_2ddc _cBK |
||
| 999 |
_c34163 _d34163 |
||